|
|
|
|
| LEADER |
01507nam a2200397Ia 4500 |
| 001 |
EBC169050 |
| 003 |
MiAaPQ |
| 005 |
20200520144314.0 |
| 006 |
m o d | |
| 007 |
cr cn||||||||| |
| 008 |
761220s1988 enkab sb 001 0 eng d |
| 020 |
|
|
|z 0203221885
|
| 020 |
|
|
|z 041500876X
|
| 035 |
|
|
|a (MiAaPQ)EBC169050
|
| 035 |
|
|
|a (Au-PeEL)EBL169050
|
| 035 |
|
|
|a (CaPaEBR)ebr10060774
|
| 035 |
|
|
|a (CaONFJC)MIL32323
|
| 035 |
|
|
|a (OCoLC)437077903
|
| 040 |
|
|
|a MiAaPQ
|c MiAaPQ
|d MiAaPQ
|
| 050 |
|
4 |
|a HE243.A1
|b B33 1988
|
| 100 |
1 |
|
|a Bagwell, Philip Sidney.
|
| 245 |
1 |
4 |
|a The transport revolution
|h [electronic resource] /
|c Philip S. Bagwell.
|
| 250 |
|
|
|a [2nd ed.
|
| 260 |
|
|
|a London :
|b Routledge,
|c 1988.
|
| 300 |
|
|
|a xiv, 474 p. :
|b ill., maps.
|
| 500 |
|
|
|a Title on book jacket: The transport revolution, 1770-1985.
|
| 500 |
|
|
|a 1st ed. published under title: the transport revolution from 1770.
|
| 504 |
|
|
|a Includes bibliography: p. [454]-461 and index.
|
| 533 |
|
|
|a Electronic reproduction. Ann Arbor, MI : ProQuest, 2015. Available via World Wide Web. Access may be limited to ProQuest affiliated libraries.
|
| 650 |
|
0 |
|a Transportation
|z Great Britain.
|
| 651 |
|
0 |
|a Great Britain
|x History.
|
| 655 |
|
4 |
|a Electronic books.
|
| 700 |
1 |
|
|a Bagwell, Philip Sidney.
|t Transport revolution from 1770.
|
| 710 |
2 |
|
|a ProQuest (Firm)
|
| 740 |
0 |
2 |
|a Transport revolution, 1770-1985.
|
| 856 |
4 |
0 |
|u https://ebookcentral.proquest.com/lib/matrademy/detail.action?docID=169050
|z Click to View
|